000 00825nam a22002057a 4500
999 _c7050
_d7050
003 AR-CdUCM
008 190319b ||||| |||| 00| 0 spa d
040 _aMUNICIPALIDAD PROVINCIAL DEL CUSCO
_cBIBLIOTECA MUNICIPAL DEL CUSCO
082 _a615.535 /
_bC33
100 _aCasanova Lenti, Carlos,
_919860
245 _aEl alimento como medicina :
_bel alimento integral y crudo, como medicina; el cocido, refinado y procesado y la enfermedad. Nuestra agricultura natural, muestra profilaxis y cura /
260 _aLima :
_b Ed. Juridica,
_c1976.
300 _a1171 paginas ;
_b mapas, palmos plegables,
_c29 cm.
505 _aIncluye suscintas biografĂ­as de naturistas.
650 _aAlimento integral
_919861
650 _aMedicina
_93637
650 _aAgricultura natural
_919862
942 _2ddc
_cLIBROS
945 _awnts